000 00846nam a2200241 a 4500
001 BRCA_181
005 20190320202918.0
008 870909s1988 nyua---j##---#001-0#eng-#
020 _a039489622X
020 _a0394996224
041 _aeng
044 _anyu
050 4 _aU800
_b.B93 1988
100 1 _aByam, Michèle
_d1944-
_9665
245 1 0 _aArms & armor
_cwritten by Michèle Byam ; [special photography, Dave King].
260 _aNueva York
_bKnopf
_e1988
300 _a63 p.
_bil. (algunas a color)
_c29 cm.
500 _aEnsayo que examina el diseño, la construccion, y las aplicaciones de las armas y de la armadura de la mano de una edad de piedra disminuye a los revolveres y a los rifles del oeste salvaje
650 1 4 _aArmas
_xHistoria
_9666
650 1 4 _aArmaduras
_xHistoria
_9667
700 1 _aKing, Dave
_9668
942 _2lcc
_cB
999 _c152
_d152